00721nam a22002177a 4500003000400000005001700004008004100021020001500062040002400077082002100101245009400122260004800216300003200264490004200296504004100338650002500379650002300404650002300427650002500450700002800475INP20260622095651.0960905s1996 enkkj frb 001 0 eng d a1857423798 aEG-INPcEG-INPbeng04221a371.207bM A04aThe management of educational change : bA case-study approach / cedited by Paul Oliver. aAldershot, Hants, England : bArena,c1996. a240 p. : bill. ; c25 cm. aMonitoring change in education ; v4. aIncludes bibliographical references. 0aEducational Planning 0aEducational Policy 0aEducational change 0aEducational Planning1 aOliver, Paul, eeditor.